00870 2200325 4500001002100000005001500021035002000036007000300056040001700059100003400076245004000110250001800150300003600168020002200204041000800226082001200234084001800246090002200264264003100286336002100317337003000338338002300368650001900391850001000410008004100420990001700461990002200478990002200500990002200522INLIS00000000000673720260410115334 a0010-0622000072ta aSBPUPADbind0 aNur Arifah DrajatiePengarang1 aRead To Write /cNur Arifah Drajati aEd. 1, Cet. 1 avi, 180 Hal. :billus. ;c26 cm a978-602-8275-51-40 aind a372.639 a372.639 NUR r a372.639 NUR r 9-9 aJakarta :bRajawali,c2009 2rdacontentaTeks 2rdamediaaTanpa Perantara 2rdacarrieravolume 4aBahasa Inggris aPUPAD260410 0  a12303/H/KAPD a12304/H/KAPD/2010 a12305/H/KAPD/2010 a12306/H/KAPD/2010